El aguafiestas Benedetti : la biografía /

Shranjeno v:
Bibliografske podrobnosti
Glavni avtor: Paoletti, Mario (autor)
Format: Knjiga
Jezik:španščina
Izdano: Madrid, España : Alfaguara, 1996, c1996
Teme:
Oznake: Označite
Brez oznak, prvi označite!

MARC

LEADER 00000nam^a2200000^a^4500
001 000053023
005 20250521000000.0
009 20260310090417.149
020 |a 84-204-2868-X 
037 |a Acervo ITESO - Biblioteca 
041 |a ESP 
082 |a 860. 989506  |b PAO 
100 |a Paoletti, Mario  |e (autor) 
240 1 4 |a [El aguafiestas Benedetti] 
245 1 3 |a El aguafiestas Benedetti :  |b la biografía /  |c M. Paoletti. 
264 4 |a Madrid, España :  |b Alfaguara,  |c 1996, c1996 
300 |a 266 p. 
336 |a texto  |b txt  |2 rdacontenido 
337 |a sin mediación  |b n  |2 rdamedio 
338 |a volumen  |b nc  |2 rdasoporte 
545 0 |a Mario Benedetti (Uruguay, 1920-2009), escritor de una amplia obra que incluye géneros diversos. En 1999 obtuvo el Premio Reina Sofía de Poesía. Durante doce años vivió exiliado, por cuestiones políticas, en Argentina, Perú, Cuba y España. Algunos de sus títulos son: Esta mañana; La tregua; La casa y el ladrillo; El cumpleaños de Juan Angel; El ejercicio del criterio; Poemas de otros; Gracias por el fuego; Pedro y el capitán; Primavera con una esquina rota; Rincón de haikus; El mundo que respiro; Insomnios y duermevelas; y Geografías, entre otros. Aunque con un gran éxito de público, sin embargo la crítica no siempre hace una buena valoración de su obra. En todo caso, fue un escritor paradigmático para toda una generación de latinoamericanos, que cantó sus poemas convertidos en música por autores diversos. 
649 |a XX 
650 |a Escritores Uruguayos -  |x Biografías 
650 |a Literatura Uruguaya -  |x Historia y Crítica 
650 |a Literatura Uruguaya -  |y Siglo XX 
650 |a Literatura Uruguaya -  |y Siglo XXI 
650 |a Literatura y Política -  |z Uruguay 
650 |a Benedetti, Mario -  |x Tema Principal 
910 |a Fondo General 
920 |a Impresos - Libros 
930 |a Colección General 
940 |a Literatura 
905 |a 101 
901 |a 0500010513  |b IT1  |c LIT  |u 20250521 
902 |a https://opac.biblio.iteso.mx/vufind/Record/000053023